[Event "Titled Tuesday intern op 4th Dec"]
[Site "Chess.com INT"]
[Date "2018.12.04"]
[Round "3"]
[White "Burmakin, Vladimir"]
[Black "Steinbuerg, Karl W"]
[Result "1-0"]
[WhiteElo "2520"]
[BlackElo "2359"]
[PlyCount "133"]
[EventDate "2018.12.04"]
[EventType "swiss (blitz)"]
[EventRounds "10"]
[EventCountry "USA"]
[SourceTitle "EXT 2021"]
[Source "ChessBase"]
[SourceDate "2020.10.23"]
[SourceVersion "1"]
[SourceVersionDate "2020.10.23"]
[SourceQuality "1"]

1. d4 Nf6 2. g3 e6 3. Bg2 d5 4. Nf3 Be7 5. c4 0-0 6. 0-0 dxc4 7. Qc2 a6 8. a4 c5 9. Qxc4 b5 10. Qc2 Bb7 11. dxc5 Be4 12. Qc3 Nd5 13. Qd4 Bxb1 14. Rxb1 Nc6 15. Qd1 Bxc5 16. Qc2 Qb6 17. Ng5 Nf6 18. a5 Qa7 19. b3 Rac8 20. Bb2 Nd4 21. Qd3 h6 22. b4 hxg5 23. bxc5 Rfd8 24. Bxd4 e5 25. c6 Rxd4 26. Qf5 Qc7 27. Qxg5 e4 28. Rfc1 Qxa5 29. Qe5 Rd5 30. Qf4 Qd2 31. Qxd2 Rxd2 32. f3 Rd6 33. c7 Rd7 34. Bh3 Rcxc7 35. Bxd7 Rxd7 36. Rd1 Rb7 37. Ra1 Rb6 38. Ra5 b4 39. Rb1 Kh7 40. Kf2 exf3 41. exf3 Nd7 42. Ke3 f6 43. f4 Nb8 44. Rd5 Rb7 45. Rc5 Rb6 46. Rd1 b3 47. Rb1 Nc6 48. Rc3 Na5 49. Rc5 Nc6 50. Rc3 Na5 51. Ra1 Rb5 52. Kd3 Nc6 53. Rb1 Nb4+ 54. Kc4 Rb8 55. Rcxb3 a5 56. R3b2 Kg6 57. g4 Re8 58. Kb5 Re4 59. Rf1 Nd3 60. Rb3 Nxf4 61. h3 Rb4+ 62. Rxb4 axb4 63. Rxf4 Kg5 64. Rf3 g6 65. Kxb4 f5 66. gxf5 gxf5 67. Kc4 1-0

[Event "Titled Tuesday intern op 4th Dec"]
[Site "Chess.com INT"]
[Date "2018.12.04"]
[Round "2"]
[White "Steinbuerg, Karl W"]
[Black "Djukic, Nikola"]
[Result "1/2-1/2"]
[WhiteElo "2366"]
[BlackElo "2574"]
[PlyCount "112"]
[EventDate "2018.12.04"]
[EventType "swiss (blitz)"]
[EventRounds "10"]
[EventCountry "USA"]
[SourceTitle "EXT 2021"]
[Source "ChessBase"]
[SourceDate "2020.10.23"]
[SourceVersion "1"]
[SourceVersionDate "2020.10.23"]
[SourceQuality "1"]

1. d4 Nf6 2. c4 g6 3. Nf3 Bg7 4. g3 0-0 5. Bg2 d5 6. 0-0 dxc4 7. Na3 c3 8. bxc3 c5 9. Re1 Nc6 10. e3 Qa5 11. Bb2 Rd8 12. Qc1 Bf5 13. Nc4 Qa6 14. Bf1 Qa4 15. dxc5 Bd3 16. Bxd3 Rxd3 17. Nce5 Nxe5 18. Nxe5 Rd5 19. c4 Rxc5 20. Bd4 Rc7 21. Qb2 b6 22. Rac1 Rac8 23. Qb3 Qe8 24. Red1 Ne4 25. Qb1 Nd6 26. Qa1 f6 27. Nd3 Nxc4 28. a4 e5 29. Bc3 Bf8 30. Bb4 e4 31. Bxf8 exd3 32. Bh6 Ne5 33. Rxc7 Rxc7 34. Bf4 Rd7 35. Qc3 Nf3+ 36. Kg2 Qe4 37. Qc8+ Kf7 38. Qxd7+ Kg8 39. Qd8+ Kg7 40. Qd7+ Kg8 41. Qc8+ Kg7 42. Qc7+ Kg8 43. Qb8+ Kg7 44. Qxa7+ Kg8 45. Qb8+ Kg7 46. Qc7+ Kg8 47. Qd8+ Kg7 48. Qd7+ Kg8 49. Qc8+ Kg7 50. Qc7+ Kg8 51. Qd8+ Kg7 52. Qd7+ Kg8 53. Qd8+ Kg7 54. Qd7+ Kg8 55. Qd8+ Kg7 56. Qd7+ Kg8 1/2-1/2

[Event "Titled Tuesday intern op 4th Dec"]
[Site "Chess.com INT"]
[Date "2018.12.04"]
[Round "1"]
[White "Steinbuerg, Karl W"]
[Black "Hammer, Jon Ludvig"]
[Result "0-1"]
[WhiteElo "2355"]
[BlackElo "2652"]
[PlyCount "133"]
[EventDate "2018.12.04"]
[EventType "swiss (blitz)"]
[EventRounds "10"]
[EventCountry "USA"]
[SourceTitle "EXT 2021"]
[Source "ChessBase"]
[SourceDate "2020.10.23"]
[SourceVersion "1"]
[SourceVersionDate "2020.10.23"]
[SourceQuality "1"]

1. d4 d5 2. Nf3 Nf6 3. c4 e6 4. Nc3 c5 5. cxd5 Nxd5 6. e4 Nxc3 7. bxc3 cxd4 8. cxd4 Bb4+ 9. Bd2 Bxd2+ 10. Qxd2 0-0 11. Bb5 a6 12. Be2 b5 13. 0-0 Bb7 14. Qe3 Nd7 15. Rfb1 Nf6 16. Bd3 Qe7 17. h3 Rfc8 18. Rb3 Bc6 19. Ne5 Be8 20. Re1 Rc7 21. Qg3 Rac8 22. Re3 Qd6 23. Nf3 Qxg3 24. fxg3 Rc1+ 25. Kf2 Ra1 26. Ra3 Rc6 27. Re1 Rxe1 28. Kxe1 Rb6 29. Kd2 Bc6 30. Ke3 Bb7 31. Rc3 Rc6 32. Rc5 Nd7 33. Rxc6 Bxc6 34. Kd2 Kf8 35. Kc3 a5 36. a3 h6 37. Nd2 Nf6 38. g4 Ke7 39. g3 Kd8 40. Bc2 Kc7 41. Kd3 Kb6 42. Bd1 Bb7 43. Bb3 Ba6 44. Kc3 Bb7 45. Kd3 Bc6 46. Bc2 g5 47. Bb3 h5 48. gxh5 Nxh5 49. Nf1 a4 50. Bc2 b4 51. axb4 Bb5+ 52. Kc3 Bxf1 53. h4 Nxg3 54. hxg5 Ne2+ 55. Kc4 a3 56. Bb3 Nc1+ 57. Kc3 Ne2+ 58. Kc4 a2 59. Bxa2 Nc1+ 60. Kc3 Nxa2+ 61. Kd2 Nxb4 62. Ke3 Kc6 63. Kf4 Kd6 64. Kg4 Bd3 65. Kf4 Nc6 66. d5 exd5 67. e5+ 0-1

[Event "Titled Tuesday intern op 4th Dec"]
[Site "Chess.com INT"]
[Date "2018.12.04"]
[Round "9"]
[White "Wiewiora, Eneasz"]
[Black "Steinbuerg, Karl W"]
[Result "0-1"]
[WhiteElo "2344"]
[BlackElo "2400"]
[PlyCount "70"]
[EventDate "2018.12.04"]
[EventType "swiss (blitz)"]
[EventRounds "10"]
[EventCountry "USA"]
[SourceTitle "EXT 2021"]
[Source "ChessBase"]
[SourceDate "2020.10.23"]
[SourceVersion "1"]
[SourceVersionDate "2020.10.23"]
[SourceQuality "1"]

1. e4 e6 2. d4 d5 3. Bd3 dxe4 4. Bxe4 Nf6 5. Bf3 c5 6. Ne2 Nc6 7. Be3 e5 8. Bxc6+ bxc6 9. dxe5 Qxd1+ 10. Kxd1 Ng4 11. Nbc3 Nxe5 12. b3 Ng4 13. Na4 Nxe3+ 14. fxe3 Bg4 15. c4 0-0-0+ 16. Ke1 Be7 17. Nac3 Bf6 18. Rc1 Rhe8 19. Kf2 Rd2 20. h3 Bxe2 21. Nxe2 Bg5 22. Rc3 Rxa2 23. Rd1 f5 24. Rd6 Kc7 25. Rcd3 Bxe3+ 26. Kf3 Rxe2 27. Rd7+ Kc8 28. Rxa7 Bd4 29. b4 g5 30. b5 h5 31. b6 R8e3+ 32. Rxe3 Rxe3+ 33. Kf2 g4 34. Rh7 g3+ 35. Kf1 Bc3 0-1

[Event "Titled Tuesday intern op 4th Dec"]
[Site "Chess.com INT"]
[Date "2018.12.04"]
[Round "10"]
[White "Yurovskich, Oleksandr"]
[Black "Steinbuerg, Karl W"]
[Result "0-1"]
[WhiteElo "2286"]
[BlackElo "2414"]
[PlyCount "80"]
[EventDate "2018.12.04"]
[EventType "swiss (blitz)"]
[EventRounds "10"]
[EventCountry "USA"]
[SourceTitle "EXT 2021"]
[Source "ChessBase"]
[SourceDate "2020.10.23"]
[SourceVersion "1"]
[SourceVersionDate "2020.10.23"]
[SourceQuality "1"]

1. d4 Nf6 2. Nf3 e6 3. Bg5 d5 4. e3 c5 5. c3 Nc6 6. Nbd2 h6 7. Bh4 Be7 8. Bd3 0-0 9. 0-0 Nh5 10. Bxe7 Qxe7 11. Qe2 c4 12. Bc2 f5 13. Ne5 Qe8 14. Ba4 Bd7 15. Bxc6 Bxc6 16. f4 Nf6 17. b3 b5 18. a4 cxb3 19. Nxc6 Qxc6 20. Nxb3 bxa4 21. Nc5 Ne4 22. Nxe4 fxe4 23. Ra3 Rfc8 24. Rfa1 Qc4 25. Qg4 Rc6 26. h3 Qd3 27. Rxa4 Qxe3+ 28. Kh2 Qxc3 29. Rxa7 Rxa7 30. Rxa7 Qxd4 31. Re7 Qf6 32. Re8+ Kh7 33. h4 Qg6 34. Qxg6+ Kxg6 35. Kg3 Kf7 36. Rd8 Rc3+ 37. Kg4 g6 38. h5 gxh5+ 39. Kxh5 Rg3 40. Rd7+ Kf6 0-1

[Event "Titled Tuesday intern op 6th Nov"]
[Site "Chess.com INT"]
[Date "2018.11.06"]
[Round "7"]
[White "Kantans, Toms"]
[Black "Steinbuerg, Karl W"]
[Result "1-0"]
[WhiteElo "2509"]
[BlackElo "2352"]
[PlyCount "63"]
[EventDate "2018.11.06"]
[EventType "swiss (blitz)"]
[EventRounds "10"]
[EventCountry "USA"]
[SourceTitle "EXT 2021"]
[Source "ChessBase"]
[SourceDate "2020.10.23"]
[SourceVersion "1"]
[SourceVersionDate "2020.10.23"]
[SourceQuality "1"]

1. e4 e6 2. c4 d5 3. cxd5 exd5 4. exd5 Nf6 5. Nc3 Nxd5 6. Nf3 Be7 7. d4 0-0 8. Bd3 Nxc3 9. bxc3 c5 10. 0-0 cxd4 11. Nxd4 Bf6 12. Rb1 g6 13. Qf3 Nd7 14. Be4 Ne5 15. Qg3 Re8 16. Bxb7 Bh4 17. Qf4 Nd3 18. Qf3 Ne5 19. Qd5 Rb8 20. Qxd8 Rxd8 21. Be4 Rxb1 22. Bxb1 Ba6 23. Re1 Nd3 24. Bxd3 Bxd3 25. Be3 Rc8 26. Rc1 Be7 27. f3 Ba3 28. Rd1 Rxc3 29. Kf2 Bc4 30. Nc6 a6 31. Rd8+ Bf8 32. Bh6 1-0

[Event "Titled Tuesday intern op 2nd Oct"]
[Site "Chess.com INT"]
[Date "2018.10.02"]
[Round "1"]
[White "Asgarizadeh, Ahmad"]
[Black "Steinbuerg, Karl W"]
[Result "1/2-1/2"]
[WhiteElo "2428"]
[BlackElo "2374"]
[PlyCount "94"]
[EventDate "2018.10.02"]
[EventType "swiss (blitz)"]
[EventRounds "10"]
[EventCountry "USA"]
[SourceTitle "EXT 2021"]
[Source "ChessBase"]
[SourceDate "2020.10.23"]
[SourceVersion "1"]
[SourceVersionDate "2020.10.23"]
[SourceQuality "1"]

1. e4 e6 2. d4 d5 3. Nc3 Nf6 4. e5 Nfd7 5. f4 c5 6. Nf3 Nc6 7. Ne2 cxd4 8. Nexd4 Bc5 9. c3 0-0 10. Be3 Nxd4 11. Bxd4 f6 12. exf6 Bxd4 13. Qxd4 Qxf6 14. g3 e5 15. Nxe5 Nxe5 16. Qxe5 Qxe5+ 17. fxe5 Bg4 18. Bg2 Rae8 19. Bxd5+ Kh8 20. e6 Bxe6 21. 0-0-0 Bxd5 22. Rxd5 Rf2 23. Rd7 b5 24. Rxa7 h6 25. Rb7 Re5 26. Kb1 Kh7 27. Rb6 h5 28. a3 g6 29. Ka2 Kh6 30. Kb3 Kg5 31. a4 bxa4+ 32. Kxa4 Ree2 33. c4 Rxb2 34. Rxb2 Rxb2 35. Rc1 Kg4 36. c5 Rxh2 37. c6 Re2 38. Kb5 Kxg3 39. Rg1+ Kf4 40. Rxg6 h4 41. Rg8 h3 42. c7 Rc2 43. Rh8 Rxc7 44. Rxh3 Rg7 45. Rh4+ Rg4 46. Rh5 Rg5+ 47. Rxg5 Kxg5 1/2-1/2